Trhový podiel návštevníkov z rusky hovoriacih krajín v cestovnom ruchu Slovenska

Profil návštevníka z rusky hovoriacich krajín. Použitie Wilcoxonovho a Friedmanovho testu na určenie najobľúbenejších cieľových miest v SR návštevníkov z Bieloruska, Ruskej federácie a Ukrajiny. Výsledky a diskusia.

Guardado en:
Detalles Bibliográficos
Autor principal: Kučerová, Jana
Otros Autores: Šebová, Elena
Formato: Capítulo de libro
Lenguaje:eslovaco
Materias:
Etiquetas: Agregar Etiqueta
Sin Etiquetas, Sea el primero en etiquetar este registro!

MARC

LEADER 00000naa a2200000 4500
001 0220573
005 20231016081152.2
041 0 |a slo 
044 |a SK 
245 1 0 |a Trhový podiel návštevníkov z rusky hovoriacih krajín v cestovnom ruchu Slovenska  |c Jana Kučerová, Elena Šebová 
520 |a Profil návštevníka z rusky hovoriacich krajín. Použitie Wilcoxonovho a Friedmanovho testu na určenie najobľúbenejších cieľových miest v SR návštevníkov z Bieloruska, Ruskej federácie a Ukrajiny. Výsledky a diskusia. 
610 2 0 |a ruch cestovný 
610 2 0 |a ruch cestovný aktívny 
610 2 0 |a zákazníci 
610 2 0 |a kúpele 
610 2 0 |a zariadenia ubytovacie 
610 2 0 |a služby 
610 2 0 |a príjmy 
610 2 0 |a mzdy 
610 2 0 |a Rusko 
610 2 0 |a Ukrajina 
610 2 0 |a Bielorusko 
610 2 0 |a Slovensko 
100 1 |a Kučerová, Jana 
700 1 |a Šebová, Elena